000 00944cam a2200265 i 4500
001 60694
003 Mx-PuUPA
005 20211005092636.0
008 140415s2001 mx 000 0 spa d
020 _a9688569062
040 _aMx-PuUPA
_bspa
_cMx-PuUPA
_dMx-PuUPA
_erda
041 0 _aspa
100 1 _aGonzález, Fernando Manuel
_eautor
_91387
245 1 0 _aMatar y morir por Cristo Rey :
_baspectos de la cristiada /
_cFernando M. González.
250 _aPrimera edición
264 1 _aMéxico :
_bInstituto de Investigaciones Sociales, Universidad Nacional Autónoma de México,
_bPlaza y Valdés,
_c2001
300 _a347 páginas ;
_c23 cm.
336 _atexto
_2rdacontent
_btxt
337 _asin medio
_2rdamedia
_bn
338 _avolumen
_2rdacarrier
_bnc
651 4 _aMéxico
_xHistoria
_xConflicto religioso, 1926-1929
942 _2ddc
_cLI
_h972.0622
_iG635
999 _c60694
_d60694